| 000 | 00508nam a22001697a 4500 | ||
|---|---|---|---|
| 005 | 20260310152720.0 | ||
| 008 | 260309b |||||||| |||| 00| 0 eng d | ||
| 020 | _a978-93-87445-24-6 | ||
| 041 | _aeng | ||
| 082 | _a632 KUM-D | ||
| 100 |
_aKUMAR DR. SANJEEV _98882 |
||
| 245 | _aDESEASES OF FIELD & HORTICULTURE CROPS AND THEIR MANAGEMENT - I ( As per 5th deans committee recommendations ) | ||
| 260 |
_aNEW DELHI _bBRILLION PUBLISHING _c2020 |
||
| 300 | _a195;P | ||
| 650 | _aAGRICULTURE | ||
| 942 | _cBK | ||
| 999 |
_c9057 _d9055 |
||